[Event "HUN-ch Rapid"]
[Site "Ajka"]
[Date "2022.07.15"]
[Round "4"]
[White "Nemeth, Zsolt"]
[Black "Martini, Balazs"]
[Result "1/2-1/2"]
[WhiteElo "1980"]
[BlackElo "2348"]
[PlyCount "47"]
[EventDate "2022.07.15"]
[EventType "swiss (rapid)"]
[EventRounds "13"]
[EventCountry "HUN"]
[SourceTitle "CBM 209 Extra"]
[Source "ChessBase"]
[SourceDate "2022.09.30"]
[SourceVersion "1"]
[SourceVersionDate "2022.09.30"]
[SourceQuality "1"]

1. e4 c5 2. Nf3 Nc6 3. Bb5 e6 4. Bxc6 bxc6 5. b3 Ne7 6. Bb2 Ng6 7. d3 f6 8. e5 fxe5 9. Nxe5 Nxe5 10. Bxe5 Qg5 11. Bg3 Be7 12. Nd2 0-0 13. 0-0 Qf5 14. Qe2 d5 15. Rae1 Bd7 16. Nf3 Qh5 17. Ne5 Qxe2 18. Rxe2 Be8 19. Nf3 Bf7 20. Ne5 Be8 21. Nf3 Bf7 22. Ne5 Be8 23. Nxc6 Bxc6 24. Rxe6 1/2-1/2

[Event "HUN-ch rapid"]
[Site "Ajka"]
[Date "2020.07.17"]
[Round "3"]
[White "Nagy, Gabor"]
[Black "Martini, Balazs"]
[Result "1-0"]
[WhiteElo "2502"]
[BlackElo "2339"]
[PlyCount "105"]
[EventDate "2020.07.17"]
[EventType "swiss (rapid)"]
[EventRounds "13"]
[EventCountry "HUN"]
[SourceTitle "CBM 197 Extra"]
[Source "ChessBase"]
[SourceDate "2020.09.30"]
[SourceVersion "1"]
[SourceVersionDate "2020.09.30"]
[SourceQuality "1"]

1. d4 Nf6 2. Nf3 g6 3. Bg5 Bg7 4. Nbd2 d5 5. e3 0-0 6. c3 Nbd7 7. Bd3 b6 8. 0-0 Bb7 9. a4 c5 10. Bh4 Ne4 11. Be2 Bf6 12. Bxf6 Ndxf6 13. Ne5 Nxd2 14. Qxd2 Ne4 15. Qe1 f6 16. Nd3 Qc7 17. Nf4 Qd6 18. f3 Ng5 19. Qg3 e5 20. Nd3 Nf7 21. dxc5 bxc5 22. b4 cxb4 23. cxb4 a5 24. b5 Qb6 25. Qf2 Rac8 26. Rfc1 Nd6 27. h4 Nf5 28. e4 Nd4 29. Bf1 dxe4 30. fxe4 Bxe4 31. Nb2 Qe6 32. Nc4 Nb3 33. Re1 Rxc4 34. Bxc4 Qxc4 35. Rad1 Bd5 36. h5 Nd4 37. h6 Qxa4 38. b6 Qc6 39. Rb1 Rb8 40. Rec1 Qe6 41. Rc7 Rxb6 42. Rbc1 Qg4 43. Rc8+ Kf7 44. R1c7+ Ke6 45. Re8+ Kd6 46. Qxf6+ Kxc7 47. Re7+ Qd7 48. Rxd7+ Kxd7 49. Qxb6 Nc6 50. Qb7+ Kd6 51. Qxh7 a4 52. Qxg6+ Kc5 53. h7 1-0

[Event "HUN-chT2 Charousek 1819"]
[Site "Hungary"]
[Date "2019.02.24"]
[Round "8.4"]
[White "Martini, Balazs"]
[Black "Amrein, Roland"]
[Result "1-0"]
[WhiteElo "2352"]
[BlackElo "2206"]
[PlyCount "83"]
[EventDate "2018.09.23"]
[EventType "team-tourn"]
[EventRounds "11"]
[EventCountry "HUN"]
[SourceTitle "CBM 189 Extra"]
[Source "ChessBase"]
[SourceDate "2019.06.03"]
[SourceVersion "1"]
[SourceVersionDate "2019.06.03"]
[SourceQuality "1"]
[WhiteTeam "Ajka Banyasz"]
[BlackTeam "Komlo Banyasz"]
[WhiteTeamCountry "HUN"]
[BlackTeamCountry "HUN"]

1. Nf3 d6 2. c4 g6 3. g3 Bg7 4. Bg2 Nf6 5. Nc3 0-0 6. Rb1 a5 7. 0-0 e5 8. d3 Nc6 9. a3 h6 10. Ne1 Be6 11. Nd5 Bxd5 12. cxd5 Ne7 13. Qb3 c6 14. dxc6 bxc6 15. Nf3 Nd7 16. Bd2 d5 17. e4 Nc5 18. Qc2 Ne6 19. Rfe1 Qd6 20. Bc3 d4 21. Bd2 c5 22. Bc1 Rab8 23. Nd2 f5 24. Nc4 Qc7 25. exf5 gxf5 26. Qe2 e4 27. Bh3 Rb3 28. dxe4 d3 29. Qd1 Nd4 30. Bf4 Qc6 31. Nxa5 Qb5 32. Nxb3 Nxb3 33. Bd6 Rf7 34. Bxe7 Rxe7 35. exf5 Re2 36. Rxe2 dxe2 37. Qd5+ Kh8 38. Qd8+ Kh7 39. f6 Nd4 40. fxg7 Nf3+ 41. Kh1 Kxg7 42. Qe7+ 1-0

[Event "HUN-ch rapid"]
[Site "Ajka"]
[Date "2018.07.21"]
[Round "7"]
[White "Martini, Balazs"]
[Black "Hoang, Thanh Trang"]
[Result "0-1"]
[WhiteElo "2353"]
[BlackElo "2423"]
[PlyCount "102"]
[EventDate "2018.07.20"]
[EventType "swiss (rapid)"]
[EventRounds "13"]
[EventCountry "HUN"]
[SourceTitle "CBM 185 Extra"]
[Source "ChessBase"]
[SourceDate "2018.07.29"]
[SourceVersion "1"]
[SourceVersionDate "2018.07.29"]
[SourceQuality "1"]

1. Nf3 f5 2. g3 Nf6 3. Bg2 g6 4. 0-0 Bg7 5. c4 0-0 6. Nc3 d6 7. d3 e5 8. Rb1 a5 9. a3 Nc6 10. b4 axb4 11. axb4 h6 12. Ne1 g5 13. b5 Ne7 14. e3 Ng6 15. Nd5 Kh8 16. Bb2 f4 17. Ra1 Bg4 18. Rxa8 Qxa8 19. Qc2 f3 20. Bh1 Bh3 21. Bxf3 Bxf1 22. Kxf1 Nxd5 23. Bxd5 Ne7 24. Bf3 Qa7 25. Kg2 c6 26. Qb3 Ra8 27. Nc2 Qa4 28. Qxa4 Rxa4 29. Ba3 cxb5 30. cxb5 Ra5 31. b6 Nc8 32. Bxb7 Nxb6 33. Bxd6 Ra2 34. Nb4 Rb2 35. Be4 Na4 36. Nc6 Rb5 37. Ne7 Nc3 38. Bc6 Rb6 39. Bc7 Ra6 40. Bxe5 Bxe5 41. Ng6+ Kg7 42. Nxe5 Kf6 43. d4 Ra2 44. Bf3 Nb1 45. Ng4+ Kg7 46. Bd5 Rb2 47. Bf3 h5 48. Ne5 g4 49. Bd5 Nc3 50. Bc4 Nd1 51. d5 Nxe3+ 0-1

[Event "HUN-ch rapid"]
[Site "Ajka"]
[Date "2018.07.20"]
[Round "3"]
[White "Martini, Balazs"]
[Black "Horvath, Adam"]
[Result "0-1"]
[WhiteElo "2353"]
[BlackElo "2481"]
[PlyCount "88"]
[EventDate "2018.07.20"]
[EventType "swiss (rapid)"]
[EventRounds "13"]
[EventCountry "HUN"]
[SourceTitle "CBM 185 Extra"]
[Source "ChessBase"]
[SourceDate "2018.07.29"]
[SourceVersion "1"]
[SourceVersionDate "2018.07.29"]
[SourceQuality "1"]

1. d4 Nf6 2. Bf4 b6 3. e3 Bb7 4. h3 g6 5. Nf3 Bg7 6. Be2 0-0 7. 0-0 d6 8. a4 Nc6 9. Nbd2 Nd7 10. c3 e5 11. Bh2 Qe7 12. Nc4 f5 13. a5 Rae8 14. axb6 axb6 15. Qb3 Kh8 16. dxe5 dxe5 17. Rfd1 g5 18. Ne1 f4 19. Bh5 Rd8 20. Qc2 Nf6 21. Be2 Qe6 22. Rxd8 Rxd8 23. Rd1 Rf8 24. Nf3 h6 25. exf4 exf4 26. Bd3 Nd7 27. Re1 Qf7 28. Ncd2 Nde5 29. Nxe5 Nxe5 30. Be4 Ba6 31. Nf3 Nxf3+ 32. Bxf3 Bc8 33. Qe4 Qb3 34. Qe2 Bf5 35. h4 Bg6 36. Qd2 Qc4 37. hxg5 hxg5 38. Be2 Qc5 39. Bd1 Qf5 40. Bb3 g4 41. Be6 Qg5 42. g3 fxg3 43. Qxg5 gxf2+ 44. Kf1 Bd3+ 0-1

[Event "Budapest Hetenyi Memorial IM"]
[Site "Budapest"]
[Date "2017.12.18"]
[Round "6"]
[White "Martini, Balazs"]
[Black "Jakab, Attila"]
[Result "1/2-1/2"]
[WhiteElo "2351"]
[BlackElo "2359"]
[PlyCount "30"]
[EventDate "2017.12.12"]
[EventType "tourn"]
[EventRounds "9"]
[EventCountry "HUN"]
[EventCategory "8"]
[SourceTitle "CBM 182 Extra"]
[Source "ChessBase"]
[SourceDate "2018.02.23"]
[SourceVersion "1"]
[SourceVersionDate "2018.02.23"]
[SourceQuality "1"]

1. e4 e5 2. Nf3 Nc6 3. Bb5 a6 4. Bxc6 dxc6 5. 0-0 Bg4 6. h3 h5 7. c3 Qd3 8. hxg4 hxg4 9. Nxe5 Bd6 10. Nxd3 Bh2+ 11. Kh1 Bf4+ 12. Kg1 Bh2+ 13. Kh1 Bf4+ 14. Kg1 Bh2+ 15. Kh1 Be5+ 1/2-1/2

[Event "Budapest Hetenyi Memorial IM"]
[Site "Budapest"]
[Date "2017.12.13"]
[Round "2"]
[White "Martini, Balazs"]
[Black "Czebe, Attila"]
[Result "1/2-1/2"]
[WhiteElo "2351"]
[BlackElo "2469"]
[PlyCount "117"]
[EventDate "2017.12.12"]
[EventType "tourn"]
[EventRounds "9"]
[EventCountry "HUN"]
[EventCategory "8"]
[SourceTitle "CBM 182 Extra"]
[Source "ChessBase"]
[SourceDate "2018.02.23"]
[SourceVersion "1"]
[SourceVersionDate "2018.02.23"]
[SourceQuality "1"]

1. Nf3 b6 2. g3 Bb7 3. Bg2 g6 4. 0-0 Bg7 5. d4 Nf6 6. c4 0-0 7. Nc3 Ne4 8. Nxe4 Bxe4 9. Be3 d6 10. Qd2 Nd7 11. Bh6 Nf6 12. Bxg7 Kxg7 13. d5 Qd7 14. Nd4 Bxg2 15. Kxg2 e5 16. dxe6 fxe6 17. Kg1 e5 18. Nc2 Qh3 19. f3 e4 20. Ne3 Rae8 21. Rae1 Re5 22. f4 Ra5 23. a3 h5 24. Rf2 h4 25. Rg2 hxg3 26. Rxg3 Qc8 27. f5 Kf7 28. fxg6+ Kg7 29. Rf1 Re5 30. Qe1 Nh5 31. Rg4 Rf6 32. Rxf6 Nxf6 33. Rg2 Qh3 34. Qf2 Qe6 35. Qh4 Rh5 36. Qf4 Ng8 37. Kh1 Nh6 38. Rg3 b5 39. b3 bxc4 40. bxc4 Qe5 41. Qxe5+ Rxe5 42. Ng4 Nxg4 43. Rxg4 Ra5 44. Rg3 Rf5 45. Kg2 c5 46. Rg4 d5 47. cxd5 Rxd5 48. Kf2 c4 49. Rxe4 Ra5 50. Rxc4 Rxa3 51. Rc6 Rh3 52. Kg2 Re3 53. h4 Rxe2+ 54. Kf3 Re5 55. Kg4 Kh6 56. Ra6 Rb5 57. h5 Rg5+ 58. Kf4 Rxh5 59. g7+ 1/2-1/2

[Event "Budapest Hetenyi Memorial IM"]
[Site "Budapest"]
[Date "2017.12.12"]
[Round "1"]
[White "Martini, Balazs"]
[Black "Galyas, Miklos"]
[Result "0-1"]
[WhiteElo "2351"]
[BlackElo "2484"]
[PlyCount "79"]
[EventDate "2017.12.12"]
[EventType "tourn"]
[EventRounds "9"]
[EventCountry "HUN"]
[EventCategory "8"]
[SourceTitle "CBM 182 Extra"]
[Source "ChessBase"]
[SourceDate "2018.02.23"]
[SourceVersion "1"]
[SourceVersionDate "2018.02.23"]
[SourceQuality "1"]

1. d4 d6 2. Bf4 g6 3. Nf3 Bg7 4. e3 Nd7 5. h3 e5 6. Bh2 Qe7 7. Nc3 c6 8. dxe5 Nxe5 9. Be2 Nf6 10. 0-0 0-0 11. e4 Nfd7 12. Nd4 Nc5 13. f4 Ned7 14. Bf3 Nb6 15. Re1 Bd7 16. b3 Rad8 17. Qd2 Rfe8 18. Rad1 Bc8 19. Qf2 Qf8 20. Bg3 Ne6 21. Nde2 g5 22. f5 Nf4 23. Bxf4 gxf4 24. Qh4 Be5 25. Rd3 Qe7 26. Qh6 d5 27. Nxf4 Rd6 28. f6 Rxf6 29. Qg5+ Kh8 30. Nfe2 Bxh3 31. Qh5 Qc5+ 32. Kh1 Qf2 33. Rg1 Bc8 34. exd5 cxd5 35. Nd1 Qc5 36. Re3 Qd6 37. Qh4 Rh6 38. Bh5 Rg8 39. g4 d4 40. Rh3 0-1

[Event "Budapest FS09 IM"]
[Site "Budapest"]
[Date "2016.09.10"]
[Round "7"]
[White "Martini, Balazs"]
[Black "Popovics, Adam"]
[Result "0-1"]
[WhiteElo "2305"]
[BlackElo "2384"]
[PlyCount "80"]
[EventDate "2016.09.03"]
[EventType "tourn"]
[EventRounds "9"]
[EventCountry "HUN"]
[SourceTitle "CBM 174 Extra"]
[Source "ChessBase"]
[SourceDate "2016.10.10"]
[SourceVersion "1"]
[SourceVersionDate "2016.10.10"]
[SourceQuality "1"]

1. d4 Nf6 2. Nf3 g6 3. Bf4 Bg7 4. e3 d6 5. h3 0-0 6. Be2 Nbd7 7. 0-0 Re8 8. c4 c6 9. Nc3 a6 10. Rc1 b5 11. Qb3 Nb6 12. c5 Be6 13. Qc2 dxc5 14. dxc5 Nbd5 15. Rfd1 Qc8 16. Be5 Nxc3 17. Bxc3 a5 18. b3 a4 19. Ng5 axb3 20. axb3 Bf5 21. Qb2 h6 22. Nf3 Be4 23. Nh2 Qf5 24. f3 Qg5 25. Nf1 Bd5 26. Kh1 b4 27. Be5 Ra3 28. Bc4 Rea8 29. f4 Qh5 30. Bxd5 Nxd5 31. Rxd5 Ra2 32. Rd8+ Kh7 33. Ng3 Qh4 34. Qd4 Qxg3 35. Rg1 Rxd8 36. Qxd8 Bxe5 37. fxe5 Qxe5 38. Rf1 Kg7 39. Qe8 Qe6 40. Rd1 Qe4 0-1

[Event "Budapest FS09 IM"]
[Site "Budapest"]
[Date "2016.09.07"]
[Round "5"]
[White "Martini, Balazs"]
[Black "Lyell, Mark"]
[Result "1/2-1/2"]
[WhiteElo "2305"]
[BlackElo "2193"]
[PlyCount "131"]
[EventDate "2016.09.03"]
[EventType "tourn"]
[EventRounds "9"]
[EventCountry "HUN"]
[SourceTitle "CBM 174 Extra"]
[Source "ChessBase"]
[SourceDate "2016.10.10"]
[SourceVersion "1"]
[SourceVersionDate "2016.10.10"]
[SourceQuality "1"]

1. Nf3 f5 2. d4 Nf6 3. Bf4 e6 4. e3 g6 5. Bd3 Bg7 6. h3 0-0 7. Nbd2 d6 8. Qe2 Nc6 9. c3 Qe8 10. 0-0-0 e5 11. dxe5 dxe5 12. Bh2 a6 13. Ne1 b5 14. Bc2 Kh8 15. g4 b4 16. c4 Qe7 17. gxf5 gxf5 18. Ba4 Bb7 19. Rg1 Nd7 20. Ndf3 Rae8 21. Nh4 Nc5 22. Qh5 Qf7 23. Qxf7 Rxf7 24. Bc2 e4 25. Rd5 Be5 26. Rxc5 Bxh2 27. Rg2 Be5 28. Rg5 Ref8 29. Rh5 Rg8 30. Ba4 Rg1 31. Bxc6 Bd6 32. Bxb7 Bxc5 33. Bd5 Rf6 34. Kd2 b3 35. axb3 Bb4+ 36. Kc2 Rxe1 37. Nxf5 Re2+ 38. Kb1 Rxf2 39. Bxe4 Rg6 40. Nd4 Rg1+ 41. Ka2 Rf7 42. Nf3 Rg3 43. Ne5 Rfg7 44. Ng4 Re7 45. Bd5 Rexe3 46. Nxe3 Rxe3 47. Rg5 h6 48. Rg6 Rxh3 49. Rc6 Rh2 50. Kb1 Bd6 51. Rxa6 Be5 52. Re6 Bd4 53. Re8+ Kg7 54. Rg8+ Kf6 55. Rf8+ Ke7 56. Rf3 Kd6 57. Rd3 Bxb2 58. b4 c5 59. Rb3 Bd4 60. b5 Rf2 61. b6 Rf1+ 62. Kc2 Rf2+ 63. Kd1 Rb2 64. Rh3 Rxb6 65. Rxh6+ Kc7 66. Rxb6 1/2-1/2

[Event "Budapest FS09 IM"]
[Site "Budapest"]
[Date "2016.09.05"]
[Round "3"]
[White "Martini, Balazs"]
[Black "Havanecz, Bianka"]
[Result "0-1"]
[WhiteElo "2305"]
[BlackElo "2243"]
[PlyCount "76"]
[EventDate "2016.09.03"]
[EventType "tourn"]
[EventRounds "9"]
[EventCountry "HUN"]
[SourceTitle "CBM 174 Extra"]
[Source "ChessBase"]
[SourceDate "2016.10.10"]
[SourceVersion "1"]
[SourceVersionDate "2016.10.10"]
[SourceQuality "1"]

1. g3 d5 2. Bg2 Nf6 3. d3 e5 4. Nf3 Bd6 5. c4 c6 6. 0-0 0-0 7. Nc3 d4 8. Na4 Qe7 9. b3 Bg4 10. h3 Bd7 11. e4 Na6 12. Nh2 Ne8 13. f4 b5 14. Nb2 Rb8 15. f5 f6 16. g4 Ba3 17. cxb5 cxb5 18. h4 Rc8 19. Rf2 Nb4 20. g5 fxg5 21. hxg5 g6 22. Ng4 Kh8 23. f6 Qe6 24. Bh3 Rc5 25. Na4 Rxc1 26. Rxc1 Bxc1 27. Nc5 Qc6 28. Nxe5 Qxc5 29. Nxd7 Qxg5+ 30. Qg4 Rxf6 31. Nxf6 Nxf6 32. Qxg5 Bxg5 33. Rf3 Nc6 34. Bc8 Ne5 35. Rh3 Be3+ 36. Kf1 Nxd3 37. Ba6 Nf4 38. Rh2 Nxe4 0-1

[Event "Budapest FS09 IM"]
[Site "Budapest"]
[Date "2016.09.03"]
[Round "1"]
[White "Szeberenyi, Adam"]
[Black "Martini, Balazs"]
[Result "1/2-1/2"]
[WhiteElo "2381"]
[BlackElo "2305"]
[PlyCount "36"]
[EventDate "2016.09.03"]
[EventType "tourn"]
[EventRounds "9"]
[EventCountry "HUN"]
[SourceTitle "CBM 174 Extra"]
[Source "ChessBase"]
[SourceDate "2016.10.10"]
[SourceVersion "1"]
[SourceVersionDate "2016.10.10"]
[SourceQuality "1"]

1. Nf3 Nf6 2. c4 c5 3. Nc3 Nc6 4. g3 g6 5. Bg2 Bg7 6. 0-0 0-0 7. d4 cxd4 8. Nxd4 Ng4 9. e3 d6 10. Nde2 Qa5 11. Nd5 Qc5 12. Nd4 Nge5 13. b3 Bg4 14. f3 Bd7 15. Bb2 e6 16. Nc3 Qa5 17. f4 Nxd4 18. exd4 Ng4 1/2-1/2

[Event "Budapest FS08 IM"]
[Site "Budapest"]
[Date "2016.08.13"]
[Round "7"]
[White "Martini, Balazs"]
[Black "Yao, Lan"]
[Result "1/2-1/2"]
[WhiteElo "2308"]
[BlackElo "2167"]
[PlyCount "144"]
[EventDate "2016.08.06"]
[EventType "tourn"]
[EventRounds "9"]
[EventCountry "HUN"]
[EventCategory "1"]
[SourceTitle "CBM 173 Extra"]
[Source "ChessBase"]
[SourceDate "2016.08.29"]
[SourceVersion "1"]
[SourceVersionDate "2016.08.29"]
[SourceQuality "1"]

1. Nf3 Nf6 2. d4 g6 3. e3 Bg7 4. Bd3 d5 5. 0-0 0-0 6. Ne5 c5 7. b3 Nc6 8. Nxc6 bxc6 9. Bb2 cxd4 10. Bxd4 Qd6 11. f4 Ng4 12. Bxg7 Kxg7 13. Qe1 Qc5 14. Qc3+ Qxc3 15. Nxc3 Nxe3 16. Rfe1 Nf5 17. Bxf5 Bxf5 18. Rxe7 Bxc2 19. Rc1 Bf5 20. Ne2 Rfe8 21. Rxe8 Rxe8 22. Nd4 Bd7 23. Rc2 Rc8 24. b4 a5 25. a3 axb4 26. axb4 Rb8 27. Nxc6 Bxc6 28. Rxc6 Rxb4 29. Rd6 Rd4 30. h3 Kf8 31. f5 gxf5 32. Rf6 f4 33. Kf2 Kg7 34. Rd6 f6 35. Kf3 Kg6 36. Rd8 Kf5 37. Rh8 Rd3+ 38. Kf2 h5 39. Rxh5+ Ke4 40. Rh6 Rd2+ 41. Kg1 Ke5 42. Rh8 f3 43. gxf3 Kf4 44. h4 Kg3 45. Rg8+ Kxh4 46. Kf1 f5 47. Ke1 Ra2 48. Rg7 d4 49. f4 d3 50. Rg5 Ra5 51. Kd2 Rd5 52. Rg1 Kh3 53. Rg5 Kh2 54. Rg8 Rd4 55. Rg5 Rd5 56. Rg8 Kh3 57. Rg5 Kh4 58. Rg1 Rd4 59. Ke3 Rd8 60. Kf3 Kh5 61. Rh1+ Kg6 62. Ke3 d2 63. Rd1 Kh5 64. Rxd2 Rxd2 65. Kxd2 Kh4 66. Ke2 Kg3 67. Ke3 Kg4 68. Ke2 Kxf4 69. Kf2 Kg4 70. Kg2 f4 71. Kf2 f3 72. Kf1 Kg3 1/2-1/2

[Event "HUN-chT2 Szechenyi 1516"]
[Site "Hungary"]
[Date "2015.10.18"]
[Round "3.2"]
[White "Martini, Balazs"]
[Black "Czupor, Attila"]
[Result "1/2-1/2"]
[WhiteElo "2314"]
[BlackElo "2100"]
[PlyCount "95"]
[EventDate "2015.09.13"]
[EventType "team-tourn"]
[EventRounds "11"]
[EventCountry "HUN"]
[SourceTitle "CBM 170 Extra"]
[Source "ChessBase"]
[SourceDate "2016.02.25"]
[SourceVersion "1"]
[SourceVersionDate "2016.02.25"]
[SourceQuality "1"]
[WhiteTeam "Ajka Banyasz"]
[BlackTeam "HVSE Infraplan"]
[WhiteTeamCountry "HUN"]
[BlackTeamCountry "HUN"]

1. Nf3 d5 2. c4 c6 3. b3 Bg4 4. Bb2 Nd7 5. d3 Ngf6 6. Nbd2 e6 7. g3 Bd6 8. Bg2 0-0 9. 0-0 Re8 10. Qc2 e5 11. e4 dxe4 12. dxe4 Qc7 13. h3 Bh5 14. Nh4 Rad8 15. Bc3 Nf8 16. Nf5 Ne6 17. b4 c5 18. a3 Bf8 19. Ne3 Nd4 20. Bxd4 cxd4 21. Nd1 a5 22. Qb3 Rc8 23. Nb2 axb4 24. axb4 Qe7 25. Nd3 Be2 26. Rfb1 Bxd3 27. Qxd3 Ra8 28. c5 Nd7 29. Nc4 Rxa1 30. Rxa1 Rc8 31. Nd6 Rc7 32. Ra8 b6 33. Nb5 Rc6 34. Na7 Rc7 35. Nc8 Qe6 36. cxb6 Nxb6 37. Nxb6 Qxb6 38. Qa3 Rb7 39. b5 Rb8 40. Rxb8 Qxb8 41. Qb3 Bc5 42. Bf1 Qc7 43. Bc4 Bb6 44. Kg2 g6 45. Bd5 Kg7 46. Qf3 Qe7 47. h4 Qf6 48. Qxf6+ 1/2-1/2

[Event "HUN-chT 1415"]
[Site "Hungary"]
[Date "2014.12.14"]
[Round "4.5"]
[White "Martini, Balazs"]
[Black "Papp, Gabor"]
[Result "0-1"]
[WhiteElo "2335"]
[BlackElo "2559"]
[PlyCount "74"]
[EventDate "2014.10.12"]
[EventType "team-tourn"]
[EventRounds "9"]
[EventCountry "HUN"]
[SourceTitle "EXT 2016"]
[Source "ChessBase"]
[SourceDate "2015.10.08"]
[SourceVersion "1"]
[SourceVersionDate "2015.10.08"]
[SourceQuality "1"]
[WhiteTeam "Husi"]
[BlackTeam "Paks"]
[WhiteTeamCountry "HUN"]
[BlackTeamCountry "HUN"]

1. d4 d6 2. e4 Nf6 3. Nc3 Nbd7 4. Nf3 e5 5. Bc4 Be7 6. 0-0 0-0 7. Qe2 c6 8. Rd1 Qc7 9. dxe5 dxe5 10. h3 b5 11. Bb3 Nc5 12. Bg5 a5 13. a4 bxa4 14. Bxa4 Rb8 15. b3 Ba6 16. Qe1 Rb4 17. Nd2 Ne6 18. Bxf6 Bxf6 19. Na2 Rbb8 20. Nc1 Nd4 21. Ra2 Rfd8 22. Nc4 Be7 23. Nd3 Bxc4 24. bxc4 Ne6 25. Rb1 Rxb1 26. Qxb1 Rd4 27. Qe1 Rxc4 28. Bb3 Bb4 29. Qe3 Rc3 30. Bxe6 fxe6 31. Qg5 Ra3 32. Rxa3 Bxa3 33. Nxe5 a4 34. Nc4 Bf8 35. Qe3 Qe7 36. Qb6 Qc5 37. Qa6 Qb5 0-1